Представление документа в формате RUSMARC

ПолеНазваниеЗначение
  Тип записи a
  Библиографический уровень a
001 Контрольный номер RU/CBS_Ul/BASE/483027267
005 Дата корректировки 20240209175147.5
100 Данные общей обработки __
a Данные общей обработки 20150422d2015 ||| 0rusy0189 ca
101 Язык документа 0_
a Язык текста rus
102 Страна публикации __
a Страна публикации RU
105 Кодированные данные (монография) __
a Кодированные данные (монография) y###||||000|y
200 Заглавие и сведения об ответственности 1_
a Заглавие Познать себя через японский
b Общее обозначение материала Текст
e Сведения, относящиеся к заглавию [преподавание японского языка в Санкт-Петербургской школе №583]
f Первые сведения об ответственности А. Соколова
300 Общие примечания __
a Общие примечания Ограничения по возрасту - 6+
461 Уровень набора _0
1 2000
a Здоровье школьника
463 Уровень физической единицы _0
1 001RU/CBS_Ul/BASE/480162604
1 2000
a № 3
v С. 20-23
1 210
d 2015
606 Тематические рубрики 0_
a Основная рубрика Японский язык - Преподавание
610 Ключевые слова 0_
a Ключевые слова японский язык
a Ключевые слова иностранные языки
a Ключевые слова преподавание иностранных языков
686 Индексы других классификаций __
a Классификационный индекс 74.268.1
2 Код системы ББК
700 Автор _1
a Фамилия Соколова
b Имя (инициалы) А.
801 Источник записи _0
a Страна RU
b Организация МБУК ЦБС г. Ульяновска
c Дата составления 20150422
g Правила каталогизации RCR
801 Источник записи _1
a Страна RU
b Организация МБУК ЦБС г. Ульяновска
c Дата составления 20150422
g Правила каталогизации RCR
901 Тип документа __
t Тип документа b
w Контрольный № источника RU/CBS_Ul/BASE/480162604
910 Корректоры записи __
a Корректор записи admin2
938 Служебная информация __
a Имя БД period